Reino de la oscura gente

Guardat en:
Dades bibliogràfiques
Autor principal: Hurtado, Gerardo César
Format: Llibre
Idioma:Undetermined
Publicat: San José, Costa Rica Editorial Costa Rica 2003
Matèries:
Etiquetes: Afegir etiqueta
Sense etiquetes, Sigues el primer a etiquetar aquest registre!

MARC

LEADER 00000nam a2200000Ia 4500
008 170316s9999 xx 000 0 und d
040 |a cru BVZT 
090 |a 868 H-4r 
100 |a Hurtado, Gerardo César 
245 |a Reino de la oscura gente 
260 |a San José, Costa Rica 
260 |b Editorial Costa Rica 
260 |c 2003 
300 |a 169 páginas 
650 |a LITERATURA COSTARRICENSE 
650 |a CUENTOS 
999 |c 11208  |d 11208 
942 |c 15 D  |h 868 H-4r  |2 z